01200cam a2200325 45000010008000000030004000080050017000120080041000290100017000700200018000870200015001050400023001200500016001430820018001591000050001772450045002272600030002722600056003023000031003583500010003894400043003995040030004426500015004726500011004879060045004989420042005439520136005859520136007219990017008572174878OSt20231214142602.0710414s1971 nyua b 001 0 eng  a 68012181  a9788123909141 a0393099245 aDLCcDLCdICUdDLC00aQC235b.F7400a530.14bFRE/V1 aFrench, A. P.q(Anthony Philip),d1920-9863410aVibrations and wavesc[by] A. P. French. aNew York,bNortonc[1971] aNew Delhi:bCBS Publishers and Distributors,c2003. axi, 316 p.billus.c24 cm. a$4.75 4aThe M.I.T. introductory physics series aBibliography: p. 303-307. 0aVibration. 0aWaves. a7bcbccorignewd2eocipf19gy-gencatlg 2ddccBKh530.14iFRE/Vk530.14mFRE/V 00102ddc40708PHYSICSaMESbMEScPHYd2023-12-14l0o530.14 FRE/Vp44142r2023-12-14 14:26:46t2v375.00w2023-12-14yBKzGL11R5 00102ddc40708PHYSICSaMESbMEScPHYd2023-12-14l0o530.14 FRE/Vp44141r2023-12-14 14:26:46t1v375.00w2023-12-14yBKzGL11R5 c44208d44208